| 000 | 00869nam a2200229Ia 4500 | ||
|---|---|---|---|
| 003 | IN-BaIIA | ||
| 008 | 211028s9999 xx 000 0 eng d | ||
| 020 | _a90-277-0444-9 | ||
| 040 | _cIIA Library | ||
| 080 |
_a082.2:52 _bIAU-S61 |
||
| 111 |
_aInternational Symposium on New Problems in Astronometry _cPerth, Australia _d1973 Aug. 17 _97874 |
||
| 245 | 0 |
_aNew problems in astronometry _bproceedings of the international symposium, no. 61 held in Perth, Australia, August 17, 1973 _cedited by Wilhelm Gliese, C. A. Murray and R. H. Tucker |
|
| 260 |
_aDordrecht _bD. Reidel Publishing _c1974 |
||
| 300 | _axii, 333p. | ||
| 490 | _aIAU Symposium; no. 61 | ||
| 650 | _aAstrometry | ||
| 650 | _aAstronomy and Astrophysics Thesaurus | ||
| 700 |
_aGliese, Wilhelm., ed. _97875 |
||
| 700 |
_aMurray, C. A., ed. _97876 |
||
| 700 |
_aTucker, R. H., ed. _97877 |
||
| 942 | _cBK | ||
| 999 |
_c4499 _d4499 |
||